Postmodern Gandhi and Other Essays (Record no. 14367)
[ view plain ]
| 000 -LEADER | |
|---|---|
| fixed length control field | 005450000a22001930004500 |
| 001 - CONTROL NUMBER | |
| control field | 002455 |
| 003 - CONTROL NUMBER IDENTIFIER | |
| control field | MACL |
| 005 - DATE AND TIME OF LATEST TRANSACTION | |
| control field | 20150919112111.0 |
| 008 - FIXED-LENGTH DATA ELEMENTS--GENERAL INFORMATION | |
| fixed length control field | 150919b xxu||||| |||| 00| 0 eng d |
| 040 ## - CATALOGING SOURCE | |
| Original cataloging agency | MACL |
| Transcribing agency | MACL |
| 041 ## - LANGUAGE CODE | |
| Language code of text/sound track or separate title | English |
| 082 ## - DEWEY DECIMAL CLASSIFICATION NUMBER | |
| Classification number | 824/RUD |
| 100 ## - MAIN ENTRY--PERSONAL NAME | |
| Personal name | Rudolph, Lloyd I |
| 9 (RLIN) | 11928 |
| 245 ## - TITLE STATEMENT | |
| Title | Postmodern Gandhi and Other Essays |
| Remainder of title | Gandhi in the World and at Home, Second impression |
| Statement of responsibility, etc. | Lloyd I Rudolph |
| 260 ## - PUBLICATION, DISTRIBUTION, ETC. (IMPRINT) | |
| Place of publication, distribution, etc. | New Delhi |
| Date of publication, distribution, etc. | 2007 |
| Name of publisher, distributor, etc. | Oxford uni. Press, |
| 350 ## - PRICE (NR) (BK AM CF MU VM SE) [OBSOLETE] | |
| Price | 575 |
| 650 ## - SUBJECT ADDED ENTRY--TOPICAL TERM | |
| Topical term or geographic name as entry element | English Essay |
| 9 (RLIN) | 8946 |
| 942 ## - ADDED ENTRY ELEMENTS (KOHA) | |
| Call number prefix | 824 |
| Koha item type | Books |
| Source of classification or shelving scheme | |
| Withdrawn status | Lost status | Source of classification or shelving scheme | Damaged status | Not for loan | Home library | Current library | Date acquired | Cost, normal purchase price | Total Checkouts | Full call number | Barcode | Date last seen | Uniform Resource Identifier | Price effective from | Koha item type |
|---|---|---|---|---|---|---|---|---|---|---|---|---|---|---|---|
| MACL | MACL | 19/09/2015 | 575.00 | 824/RUD | CRE019634 | 02/05/2024 | 14250 | 15/04/2015 | Books |









